Statistics for NFL Passing Touchdown Leaders

Click here to take the quiz!

General Stats

  • This quiz has been taken 115 times
  • The average score is 43 of 91

Answer Stats

RankYearsTDPlayer% Correct
22001-571Drew Brees
99%
12000-581Tom Brady
99%
52004-2020421Philip Rivers
96%
92004-2019366Eli Manning
95%
31998-2015539Peyton Manning
95%
41991-2010508Brett Favre
94%
72005-412Aaron Rodgers
92%
82004-396Ben Roethlisberger
89%
181979-1994273Joe Montana
85%
61983-1999420Dan Marino
84%
121983-1998300John Elway
81%
192012-267Russell Wilson
81%
321985-1999232Steve Young
81%
162009-282Matthew Stafford
80%
102008-347Matt Ryan
78%
462005-199Alex Smith
76%
141984-2000291Warren Moon
74%
552011-190Cam Newton
72%
151956-1973290Johnny Unitas
71%
911956-1971152Bart Starr
69%
761989-2000165Troy Aikman
68%
381970-1983212Terry Bradshaw
67%
342008-224Joe Flacco
66%
132004-2017294Carson Palmer
65%
702012-2018171Andrew Luck
64%
552012-190Kirk Cousins
64%
242004-2016248Tony Romo
64%
671965-1977173Joe Namath
61%
311999-2011234Donovan McNabb
59%
111961-1978342Fran Tarkenton
59%
411998-2009208Kurt Warner
59%
231993-2006251Drew Bledsoe
58%
891969-1979153Roger Staubach
58%
712014-170Derek Carr
56%
651946-1955174Otto Graham
55%
632012-178Ryan Tannehill
55%
352005-223Ryan Fitzpatrick
54%
362011-218Andy Dalton
53%
291986-1996237Jim Kelly
52%
431985-2001207Randall Cunningham
52%
332006-2017227Jay Cutler
51%
651995-2007174Steve McNair
51%
751994-2008166Brad Johnson
48%
721961-1975170Charley Johnson
48%
221973-1987254Dan Fouts
48%
381999-2015212Matt Hasselbeck
47%
171987-2007275Vinny Testaverde
45%
281957-1975239Len Dawson
44%
461979-1993199Phil Simms
44%
251984-1997247Boomer Esiason
42%
831974-1985160Joe Theismann
42%
481971-1986197Ken Anderson
42%
411995-2011208Kerry Collins
42%
611987-2004180Rich Gannon
42%
571937-1952187Sammy Baugh
40%
541967-1980192Bob Griese
38%
531970-1984194Ken Stabler
35%
581994-2011184Mark Brunell
35%
801999-2009161Jeff Garcia
33%
671949-1960173Norm Van Brocklin
32%
271948-1964242Y.A. Tittle
32%
201980-1998261Dave Krieg
31%
771971-1986164Jim Plunkett
31%
791997-2008162Trent Green
31%
861976-1988155Danny White
28%
301949-1975236George Blanda
27%
621974-1989179Ron Jaworski
27%
441986-1997203Jim Everett
24%
871990-2001154Jeff George
22%
741997-2011169Jon Kitna
22%
401966-1984209Jim Hart
21%
211957-1974255Sonny Jurgensen
21%
491948-1962196Bobby Layne
20%
801997-2006161Jake Plummer
20%
261962-1977244John Hadl
20%
601975-1990182Steve Grogan
19%
871974-1983154Brian Sipe
18%
591965-1982183Craig Morton
16%
371957-1973214John Brodie
15%
851975-1986156Steve Bartkowski
15%
721988-2004170Chris Chandler
14%
801956-1976161Earl Morrall
14%
491973-1990196Joe Ferguson
14%
491978-1998196Steve DeBerg
14%
451962-1977201Roman Gabriel
12%
771963-1974164Daryle Lamonica
11%
491961-1976196Norm Snead
9%
841977-1990159Tommy Kramer
9%
631952-1969178Babe Parilli
7%
901961-1978152Billy Kilmer
6%
671948-1961173Charlie Conerly
6%

Score Distribution

Percentile by Number Answered

Percent of People with Each Score

Your Score History

You have not taken this quiz